Cancionero: diario poético
Salvato in:
| Autore principale: | |
|---|---|
| Natura: | Libro |
| Lingua: | spagnolo |
| Pubblicazione: |
Buenos Aires
Losada
1953
|
| Serie: | Publicaciones del Hispanic Institute in the United States
|
| Soggetti: | |
| Tags: |
Aggiungi Tag
Nessun Tag, puoi essere il primo ad aggiungerne!!
|
MARC
| LEADER | 00000nam a2200000 a 4500 | ||
|---|---|---|---|
| 001 | UCU0769 | ||
| 003 | CL-VaPUC | ||
| 008 | 960329e19530000AG |||||||||||||||||spa|d | ||
| 082 | 0 | 4 | |a 861 |b UNA |2 21 |
| 100 | 0 | |a Unamuno, Miguel de |e author |9 312478 | |
| 245 | 1 | 0 | |a Cancionero: diario poético |
| 300 | |a 486 p | ||
| 942 | |c BK | ||
| 945 | |d 19960329 00:00:00 |a rleighto | ||
| 260 | |a Buenos Aires |b Losada |c 1953 | ||
| 650 | 0 | |a Poesías españolas |9 265100 | |
| 583 | |a last modification |c 19960329 00:00:00 |k Rodrigo Vera | ||
| 490 | 0 | |a Publicaciones del Hispanic Institute in the United States | |
| 999 | |c 245579 |d 245577 | ||
| 952 | |0 0 |1 0 |4 0 |6 861_000000000000000_UNA_1953 |7 0 |8 A |9 260125 |a BIBEDU |b BIBEDU |d 2019-11-19 |i 3186792 |o 861 UNA 1953 |p 3186792 |r 2019-11-19 |w 2019-11-19 |y BK |k LIT | ||
| 952 | |0 0 |1 0 |4 0 |6 861_000000000000000_UNA_1953 |7 0 |8 A |9 260126 |a BIBEDU |b BIBEDU |d 2019-11-19 |i 1337602 |o 861 UNA 1953 |p 1337602 |r 2019-11-19 |w 2019-11-19 |y BK |k LIT | ||